[Event "Pilsen Region-chT 2223"]
[Site "Czech Republic"]
[Date "2023.04.02"]
[Round "11.3"]
[White "Marik, Jiri"]
[Black "Kupka, Frantisek"]
[Result "1/2-1/2"]
[WhiteElo "2008"]
[BlackElo "2001"]
[PlyCount "22"]
[EventDate "2022.10.09"]
[EventType "team-tourn"]
[EventRounds "11"]
[EventCountry "CZE"]
[SourceTitle "EXT 2024"]
[Source "ChessBase"]
[SourceDate "2023.10.10"]
[SourceVersion "1"]
[SourceVersionDate "2023.10.10"]
[SourceQuality "1"]
[WhiteTeam "Loko"]
[BlackTeam "Line III"]
[WhiteTeamCountry "CZE"]
[BlackTeamCountry "CZE"]

1. Nf3 c5 2. c4 Nc6 3. Nc3 e5 4. d3 d6 5. g3 f5 6. Bg2 Nf6 7. 0-0 Be7 8. Bg5 0-0 9. e3 h6 10. Bxf6 Bxf6 11. Qc2 Be6 1/2-1/2

[Event "Pilsen Region-chT 2223"]
[Site "Czech Republic"]
[Date "2023.02.26"]
[Round "9.3"]
[White "Spirik, Jiri"]
[Black "Kupka, Frantisek"]
[Result "1-0"]
[WhiteElo "2131"]
[BlackElo "2001"]
[PlyCount "61"]
[EventDate "2022.10.09"]
[EventType "team-tourn"]
[EventRounds "11"]
[EventCountry "CZE"]
[SourceTitle "EXT 2024"]
[Source "ChessBase"]
[SourceDate "2023.10.10"]
[SourceVersion "1"]
[SourceVersionDate "2023.10.10"]
[SourceQuality "1"]
[WhiteTeam "Dvorec"]
[BlackTeam "Line III"]
[WhiteTeamCountry "CZE"]
[BlackTeamCountry "CZE"]

1. d4 Nf6 2. Nf3 d6 3. c4 Nbd7 4. Nc3 e5 5. d5 Be7 6. e4 0-0 7. Be2 c6 8. 0-0 Nc5 9. Qc2 cxd5 10. cxd5 a5 11. Be3 b6 12. Nd2 Ng4 13. Bxg4 Bxg4 14. f3 Bd7 15. a3 Qc7 16. Rfc1 Rfc8 17. Nd1 Qb7 18. Qb1 b5 19. b3 Na6 20. Qb2 Bd8 21. Rxc8 Rxc8 22. Rc1 Rxc1 23. Qxc1 Bb6 24. Qc3 b4 25. axb4 axb4 26. Qc2 Bxe3+ 27. Nxe3 Kf8 28. Ndc4 Ke7 29. Qf2 Nc5 30. Qh4+ f6 31. Qxh7 1-0

[Event "Pilsen Region-chT 2223"]
[Site "Czech Republic"]
[Date "2023.01.15"]
[Round "6.3"]
[White "Kupka, Frantisek"]
[Black "Vlk, Miloslav"]
[Result "1-0"]
[WhiteElo "2001"]
[BlackElo "1938"]
[PlyCount "79"]
[EventDate "2022.10.09"]
[EventType "team-tourn"]
[EventRounds "11"]
[EventCountry "CZE"]
[SourceTitle "EXT 2024"]
[Source "ChessBase"]
[SourceDate "2023.10.10"]
[SourceVersion "1"]
[SourceVersionDate "2023.10.10"]
[SourceQuality "1"]
[WhiteTeam "Line III"]
[BlackTeam "HerNyr"]
[WhiteTeamCountry "CZE"]
[BlackTeamCountry "CZE"]

1. e4 e5 2. Nc3 Bb4 3. g3 Nf6 4. Bg2 Nc6 5. Nge2 0-0 6. 0-0 d6 7. a3 Bc5 8. Na4 Be6 9. h3 Qd7 10. Kh2 Nd4 11. Nxc5 dxc5 12. d3 h6 13. f4 exf4 14. gxf4 Rfe8 15. Ng3 Qb5 16. b3 Rad8 17. e5 Nd5 18. f5 Nc3 19. Qg4 c4 20. Nh5 g6 21. Nf6+ Kh8 22. fxe6 Rxe6 23. Bf4 cxb3 24. cxb3 Qxd3 25. Rae1 Nf5 26. Rf3 Qc2 27. b4 Rd4 28. h4 Ne2 29. Rf2 Rxf4 30. Qxf4 Nxf4 31. Rxc2 Nxh4 32. Bxb7 c6 33. Kg3 g5 34. Rxc6 Nf5+ 35. Kg4 Rxc6 36. Bxc6 Nd4 37. Be4 Kg7 38. Nh5+ Nxh5 39. Kxh5 f5 40. exf6+ 1-0

[Event "CZE-chT2A 1516"]
[Site "Czech Republic"]
[Date "2016.02.21"]
[Round "8.8"]
[White "Kupka, Frantisek"]
[Black "Bartonicek, Zdenek"]
[Result "0-1"]
[WhiteElo "2044"]
[BlackElo "2042"]
[PlyCount "86"]
[EventDate "2015.10.18"]
[EventType "team-tourn"]
[EventRounds "11"]
[EventCountry "CZE"]
[SourceTitle "EXT 2022"]
[Source "ChessBase"]
[SourceDate "2021.10.06"]
[SourceVersion "1"]
[SourceVersionDate "2021.10.06"]
[SourceQuality "1"]
[WhiteTeam "Line"]
[BlackTeam "Plzen Kosutka"]
[WhiteTeamCountry "CZE"]
[BlackTeamCountry "CZE"]

1. e4 c5 2. Nf3 Nc6 3. Bb5 g6 4. Bxc6 dxc6 5. h3 Bg7 6. d3 Nf6 7. Nc3 0-0 8. Be3 b6 9. Qd2 a5 10. 0-0-0 a4 11. Bh6 b5 12. Bxg7 Kxg7 13. g4 Qb6 14. Ne5 Be6 15. Kb1 b4 16. Ne2 c4 17. Qe3 Qb5 18. Nxc4 Bxc4 19. dxc4 Qxc4 20. Rd4 Qb5 21. Ng3 c5 22. Rdd1 c4 23. g5 Nh5 24. Nxh5+ gxh5 25. Rd5 Qc6 26. Rhd1 c3 27. Qc5 Qe6 28. Qxb4 cxb2 29. Qxb2+ Kg8 30. Qe5 Qxh3 31. Rb5 Qf3 32. Rd3 Qxf2 33. a3 Rfc8 34. Rb2 Rxc2 35. Rxc2 Qf1+ 36. Kb2 Qxd3 37. Rc3 Qd7 38. Kc2 Rd8 39. Kb2 Qd1 40. Rc2 Qd4+ 41. Qxd4 Rxd4 42. Re2 e5 43. Kc3 Kg7 0-1

[Event "CZE-chT2A 1516"]
[Site "Czech Republic"]
[Date "2015.10.18"]
[Round "1.8"]
[White "Pirklova, Hana"]
[Black "Kupka, Frantisek"]
[Result "1-0"]
[WhiteElo "2123"]
[BlackElo "2044"]
[PlyCount "125"]
[EventDate "2015.10.18"]
[EventType "team-tourn"]
[EventRounds "11"]
[EventCountry "CZE"]
[SourceTitle "EXT 2022"]
[Source "ChessBase"]
[SourceDate "2021.10.06"]
[SourceVersion "1"]
[SourceVersionDate "2021.10.06"]
[SourceQuality "1"]
[WhiteTeam "Praha Oaza"]
[BlackTeam "Line"]
[WhiteTeamCountry "CZE"]
[BlackTeamCountry "CZE"]

1. e4 e6 2. d4 d5 3. e5 c5 4. c3 Bd7 5. Nf3 Qb6 6. Be2 Bb5 7. 0-0 Bxe2 8. Qxe2 Qa6 9. Qd1 Nd7 10. b3 Ne7 11. Bb2 Nf5 12. a4 cxd4 13. cxd4 Bb4 14. Nc3 Bxc3 15. Bxc3 0-0 16. Bb4 Rfc8 17. g4 Nh6 18. h3 Rc6 19. Rc1 Rac8 20. Rxc6 Qxc6 21. Qd3 f6 22. exf6 Nf7 23. fxg7 Kxg7 24. Bd2 Nf6 25. Ng5 Nxg5 26. Bxg5 Ne4 27. Qe3 Qc3 28. Rc1 Qxc1+ 29. Qxc1 Rxc1+ 30. Bxc1 Nd6 31. Kg2 Nf7 32. Kg3 Nd8 33. Bd2 Nc6 34. Bc3 a6 35. Kf4 Kf6 36. h4 b5 37. axb5 axb5 38. Ke3 Kg6 39. f3 Kf6 40. Kd3 Kg6 41. Bd2 Kf6 42. Bf4 Nb4+ 43. Kc3 Nc6 44. h5 Kg7 45. g5 Kf7 46. Be5 Kg8 47. Kd3 Na5 48. Kc3 Nc6 49. Bd6 Kg7 50. b4 Nd8 51. Kd3 Kf7 52. Ke3 Nc6 53. f4 Nd8 54. Kf3 Kg7 55. Kg4 Kf7 56. Bc5 Nc6 57. f5 e5 58. dxe5 Nxe5+ 59. Kf4 Nd3+ 60. Ke3 Ne5 61. Bd4 Nc6 62. g6+ hxg6 63. hxg6+ 1-0

[Event "CZE-chT2A 1213"]
[Site "Czech Republic"]
[Date "2012.10.14"]
[Round "1.7"]
[White "Kupka, Frantisek"]
[Black "Karlik, Jiri"]
[Result "1/2-1/2"]
[WhiteElo "2053"]
[BlackElo "2293"]
[PlyCount "79"]
[EventDate "2012.10.14"]
[EventType "team-tourn"]
[EventRounds "11"]
[EventCountry "CZE"]
[SourceTitle "EXT 2015"]
[Source "ChessBase"]
[SourceDate "2014.11.20"]
[SourceVersion "1"]
[SourceVersionDate "2014.11.20"]
[SourceQuality "1"]
[WhiteTeam "Plzen Sokol"]
[BlackTeam "Kozolupy"]
[WhiteTeamCountry "CZE"]
[BlackTeamCountry "CZE"]

1. d4 f5 2. g3 Nf6 3. Bg2 g6 4. b3 Bg7 5. Bb2 d5 6. Nh3 c6 7. 0-0 Be6 8. Nd2 Nbd7 9. Nf4 Bf7 10. Nd3 Qc7 11. c4 Ne4 12. Rc1 Qa5 13. b4 Qb6 14. c5 Qc7 15. f3 Nxd2 16. Qxd2 h5 17. Qe1 0-0-0 18. f4 h4 19. e3 hxg3 20. hxg3 Nf6 21. Ne5 e6 22. Rc2 Ng8 23. Bf3 Bxe5 24. dxe5 g5 25. Rh2 Rxh2 26. Kxh2 d4 27. Bxd4 gxf4 28. gxf4 Qe7 29. Kg2 Nh6 30. Rh1 Rg8+ 31. Kf1 Ng4 32. a4 Be8 33. Qh4 Qd7 34. Qh7 Rg7 35. Qh8 Qf7 36. Ke2 Rg8 37. Qh7 Rg7 38. Qh8 Rg8 39. Qh7 Rg7 40. Qh8 1/2-1/2

[Event "CZE-chT2A 1112"]
[Site "Czech Republic"]
[Date "2012.02.19"]
[Round "8"]
[White "Kopriva, Petr"]
[Black "Kupka, Frantisek"]
[Result "1/2-1/2"]
[WhiteElo "2048"]
[BlackElo "2052"]
[PlyCount "78"]
[EventDate "2011.10.09"]
[EventType "team-tourn"]
[EventRounds "11"]
[EventCountry "CZE"]
[SourceTitle "EXT 2013"]
[Source "ChessBase"]
[SourceDate "2012.11.22"]
[SourceVersion "1"]
[SourceVersionDate "2012.11.22"]
[SourceQuality "1"]
[WhiteTeam "Domazlice"]
[BlackTeam "Line"]
[WhiteTeamCountry "CZE"]
[BlackTeamCountry "CZE"]

1. Nf3 Nf6 2. c4 c5 3. Nc3 d5 4. cxd5 Nxd5 5. g3 Nc6 6. Bg2 Nc7 7. 0-0 e6 8. b3 Be7 9. Bb2 0-0 10. Rc1 Rb8 11. d3 b6 12. Qd2 Bb7 13. Rfd1 Nd4 14. Ne1 Bxg2 15. Kxg2 Qd7 16. e3 Nc6 17. Ne2 Rbd8 18. Qc2 Nb5 19. Kg1 Rc8 20. a4 Nd6 21. Qb1 Nf5 22. Nc2 Rfd8 23. d4 Qb7 24. e4 Ncxd4 25. Ncxd4 Nxd4 26. Nxd4 cxd4 27. Rxc8 Qxc8 28. Rxd4 Rxd4 29. Bxd4 Qc6 30. Qd3 Qb7 31. Bc3 a6 32. Bd4 b5 33. axb5 axb5 34. Bb2 h6 35. Qc2 Qd7 36. Be5 Bb4 37. Kg2 Qb7 38. Kg1 Qd7 39. Kg2 Qb7 1/2-1/2

[Event "CZE-chT2A 1112"]
[Site "Czech Republic"]
[Date "2011.11.20"]
[Round "3"]
[White "Kupka, Frantisek"]
[Black "Janocko, Petr"]
[Result "1-0"]
[WhiteElo "2052"]
[BlackElo "2093"]
[PlyCount "73"]
[EventDate "2011.10.09"]
[EventType "team-tourn"]
[EventRounds "11"]
[EventCountry "CZE"]
[SourceTitle "EXT 2013"]
[Source "ChessBase"]
[SourceDate "2012.11.22"]
[SourceVersion "1"]
[SourceVersionDate "2012.11.22"]
[SourceQuality "1"]
[WhiteTeam "Line"]
[BlackTeam "Plzen Letna"]
[WhiteTeamCountry "CZE"]
[BlackTeamCountry "CZE"]

1. d4 Nf6 2. Nf3 c6 3. c4 d5 4. Qc2 g6 5. Bf4 Bg7 6. h3 0-0 7. e3 Bf5 8. Qb3 Bxb1 9. Rxb1 Qa5+ 10. Qc3 Qxa2 11. Rd1 Ne4 12. Qc2 Na6 13. Nd2 Nb4 14. Qb3 Qxb3 15. Nxb3 Nc2+ 16. Ke2 dxc4 17. Na5 g5 18. Bh2 e5 19. f3 exd4 20. fxe4 Nxe3 21. Rc1 b5 22. Nxc6 Nxf1 23. Rhxf1 d3+ 24. Ke3 Rfe8 25. Rf5 Re6 26. Nd4 Rg6 27. Rxb5 g4 28. Nf5 Bf6 29. Bf4 gxh3 30. gxh3 Rg2 31. Kf3 Rg6 32. Rxc4 Rd8 33. Rc1 h5 34. Rd1 Rd7 35. b3 Bd8 36. Rd5 Rxd5 37. exd5 1-0

[Event "CZE-chT2A 1112"]
[Site "Czech Republic"]
[Date "2011.10.09"]
[Round "1"]
[White "Palkova, Katerina"]
[Black "Kupka, Frantisek"]
[Result "1-0"]
[WhiteElo "2014"]
[BlackElo "2052"]
[PlyCount "57"]
[EventDate "2011.10.09"]
[EventType "team-tourn"]
[EventRounds "11"]
[EventCountry "CZE"]
[SourceTitle "EXT 2013"]
[Source "ChessBase"]
[SourceDate "2012.11.22"]
[SourceVersion "1"]
[SourceVersionDate "2012.11.22"]
[SourceQuality "1"]
[WhiteTeam "Plzen Sokol"]
[BlackTeam "Line"]
[WhiteTeamCountry "CZE"]
[BlackTeamCountry "CZE"]

1. e4 e5 2. Nf3 Nf6 3. Nc3 d6 4. Bc4 Be7 5. d4 Nbd7 6. 0-0 0-0 7. Bg5 c6 8. dxe5 dxe5 9. Qe2 b5 10. Bb3 a6 11. Rad1 Qc7 12. Nh4 Nc5 13. f4 Nxb3 14. axb3 Bg4 15. Nf3 exf4 16. h3 Bh5 17. e5 Bc5+ 18. Kh1 Ne8 19. Bxf4 f6 20. g4 Bf7 21. Ne4 Qe7 22. Nxc5 Qxc5 23. e6 Bg6 24. Rd7 Qb6 25. Rfd1 Kh8 26. Nh4 c5 27. Nxg6+ hxg6 28. Qe4 Rc8 29. e7 1-0

[Event "CZE-chT2A 1011"]
[Site "Czech Republic"]
[Date "2011.02.20"]
[Round "8"]
[White "Krbusik, Marian"]
[Black "Kupka, Frantisek"]
[Result "1/2-1/2"]
[WhiteElo "1979"]
[BlackElo "2067"]
[PlyCount "89"]
[EventDate "2010.10.17"]
[EventType "team-tourn"]
[EventRounds "11"]
[EventCountry "CZE"]
[SourceTitle "EXT 2012"]
[Source "ChessBase"]
[SourceDate "2011.11.24"]
[SourceVersion "1"]
[SourceVersionDate "2011.11.24"]
[SourceQuality "1"]
[WhiteTeam "Tabor"]
[BlackTeam "Line"]
[WhiteTeamCountry "CZE"]
[BlackTeamCountry "CZE"]

1. d4 Nf6 2. c4 e6 3. a3 d5 4. e3 c6 5. Nc3 Nbd7 6. Nf3 Bd6 7. Be2 0-0 8. 0-0 Ne4 9. Qc2 f5 10. g3 Rf6 11. Kg2 Rh6 12. Nxe4 fxe4 13. Ng1 Nf6 14. f4 Ne8 15. Bd2 Bd7 16. b4 g5 17. a4 Ng7 18. c5 Bc7 19. Bg4 Rg6 20. Qd1 Qe7 21. Rb1 Rf8 22. Qe2 h6 23. Kh1 Kh7 24. Kg2 Rh8 25. Rf2 Kg8 26. Bh5 Nxh5 27. Qxh5 Be8 28. Qe2 h5 29. Nh3 gxf4 30. exf4 Qg7 31. Qe3 h4 32. Ng5 hxg3 33. hxg3 Rgh6 34. Rg1 Bh5 35. Kf1 Bg4 36. Bc3 Bd8 37. Ke1 Bf6 38. Kd2 Rh1 39. Rxh1 Rxh1 40. Kc2 Qe7 41. Kb2 b6 42. cxb6 axb6 43. Nxe4 dxe4 44. Qxe4 Rd1 45. Qg6+ 1/2-1/2

[Event "CZE-chT2a 0607"]
[Site "Czech Republic"]
[Date "2007.04.15"]
[Round "11.3"]
[White "Kupka, Frantisek"]
[Black "Hase, Pavel"]
[Result "1-0"]
[WhiteElo "2060"]
[BlackElo "2133"]
[PlyCount "145"]
[EventDate "2006.10.15"]
[EventType "team"]
[EventRounds "11"]
[EventCountry "CZE"]
[SourceTitle "EXT 2009"]
[Source "ChessBase"]
[SourceDate "2008.11.26"]
[SourceVersion "1"]
[SourceVersionDate "2008.11.26"]
[SourceQuality "1"]
[WhiteTeam "Plzen Loko"]
[BlackTeam "Praha Praga II"]
[WhiteTeamCountry "CZE"]
[BlackTeamCountry "CZE"]

1. e4 c5 2. Nf3 d6 3. Bb5+ Nc6 4. c3 Bd7 5. 0-0 Nf6 6. Re1 a6 7. Bf1 g6 8. h3 e5 9. d4 Bg7 10. dxc5 dxc5 11. a4 Qe7 12. Na3 0-0 13. Nc4 Rab8 14. a5 Rfd8 15. Qc2 Ne8 16. Nb6 Be6 17. Ng5 Nc7 18. Nxe6 Qxe6 19. Bc4 Qf6 20. Qb3 Bf8 21. Re3 Ne6 22. Rf3 Qe7 23. Nd5 Qd6 24. Rd3 Kg7 25. Qd1 Kh8 26. Qf3 Bg7 27. Be3 Qf8 28. Qd1 Rd6 29. Qa4 Bh6 30. Rad1 Bxe3 31. Nxe3 Rxd3 32. Rxd3 Rd8 33. Bd5 Qe7 34. Rd1 Rc8 35. g3 Kg7 36. Nc4 Nf8 37. Kg2 Qc7 38. Qa2 Rd8 39. Qa4 f6 40. Nb6 Rd6 41. Nc4 Rd8 42. Ra1 Ne7 43. Ne3 Nd7 44. Bb3 Nb8 45. Qc4 Nec6 46. Qxc5 Rd2 47. Nc4 Rd8 48. Qe3 Ne7 49. Ba2 Nbc6 50. b4 Nc8 51. Bb3 Nd6 52. Nb6 Nb5 53. Nd5 Qc8 54. Rc1 Rd6 55. Ba4 Nc7 56. Nxc7 Qxc7 57. Rd1 Ne7 58. Rxd6 Qxd6 59. Bb3 Qc6 60. Qd3 Qc7 61. Qc4 Qxc4 62. Bxc4 Kf8 63. Kf3 Ke8 64. Bd5 Nxd5 65. exd5 f5 66. c4 Kd7 67. c5 Kc7 68. g4 h5 69. gxh5 gxh5 70. Kg3 Kd7 71. Kh4 Ke7 72. Kg5 f4 73. Kf5 1-0

[Event "CZE-chT2a 0607"]
[Site "Czech Republic"]
[Date "2007.03.25"]
[Round "10.3"]
[White "Simunek, Ales"]
[Black "Kupka, Frantisek"]
[Result "1-0"]
[WhiteElo "2198"]
[BlackElo "2060"]
[PlyCount "69"]
[EventDate "2006.10.15"]
[EventType "team"]
[EventRounds "11"]
[EventCountry "CZE"]
[SourceTitle "EXT 2009"]
[Source "ChessBase"]
[SourceDate "2008.11.26"]
[SourceVersion "1"]
[SourceVersionDate "2008.11.26"]
[SourceQuality "1"]
[WhiteTeam "Plzen IC"]
[BlackTeam "Plzen Loko"]
[WhiteTeamCountry "CZE"]
[BlackTeamCountry "CZE"]

1. d4 Nf6 2. c4 e6 3. Nf3 Bb4+ 4. Bd2 Qe7 5. Qc2 Bxd2+ 6. Nbxd2 d6 7. e3 c5 8. Be2 0-0 9. 0-0 e5 10. dxe5 dxe5 11. Bd3 h6 12. Ne4 Nbd7 13. Nc3 Re8 14. Nd2 Nb6 15. a4 Bd7 16. a5 Nc8 17. Nde4 Bc6 18. Rfd1 Nd7 19. Rd2 g6 20. Nb5 Bxb5 21. cxb5 f5 22. Bc4+ Kg7 23. Rad1 Nf8 24. Nc3 Qc7 25. Qa4 Ne7 26. Bb3 c4 27. Bxc4 Rad8 28. b6 axb6 29. Nb5 Qb8 30. Nd6 Nc6 31. Nxe8+ Rxe8 32. axb6 e4 33. Bb5 Re6 34. Bxc6 Rxc6 35. Rd8 1-0

[Event "CZE-chT2a 0607"]
[Site "Czech Republic"]
[Date "2007.02.25"]
[Round "8.3"]
[White "Belaska, Premysl"]
[Black "Kupka, Frantisek"]
[Result "0-1"]
[WhiteElo "2272"]
[BlackElo "2060"]
[PlyCount "116"]
[EventDate "2006.10.15"]
[EventType "team"]
[EventRounds "11"]
[EventCountry "CZE"]
[SourceTitle "EXT 2009"]
[Source "ChessBase"]
[SourceDate "2008.11.26"]
[SourceVersion "1"]
[SourceVersionDate "2008.11.26"]
[SourceQuality "1"]
[WhiteTeam "Kobylisy"]
[BlackTeam "Plzen Loko"]
[WhiteTeamCountry "CZE"]
[BlackTeamCountry "CZE"]

1. e4 Nc6 2. Nf3 e5 3. Bb5 a6 4. Ba4 Nf6 5. 0-0 b5 6. Bb3 Bc5 7. c3 d6 8. d4 Bb6 9. h3 Bb7 10. Re1 0-0 11. a3 h6 12. Qd3 Re8 13. Nbd2 Na5 14. Ba2 c5 15. d5 c4 16. Qe2 Nh5 17. Nf1 Qf6 18. g3 Bc8 19. Kg2 Nb7 20. N1h2 Nc5 21. Ng4 Qd8 22. Be3 Nd3 23. Bxb6 Qxb6 24. Qd2 Nxe1+ 25. Rxe1 Kh7 26. Bb1 Rb8 27. Nh4 Qd8 28. Nf5 Bxf5 29. exf5 Nf6 30. Ne3 Kg8 31. g4 Nh7 32. Nc2 Qg5 33. Qxg5 hxg5 34. Nb4 Ra8 35. Be4 Nf6 36. f3 Kf8 37. Nc6 Rec8 38. Na5 Ke8 39. Rd1 Kd8 40. Kg3 Kc7 41. h4 gxh4+ 42. Kxh4 Rh8+ 43. Kg3 Kb6 44. Nc6 Rac8 45. Nb4 a5 46. Nc2 Kc5 47. Rd2 Rh1 48. Ne3 Rch8 49. Ng2 R8h3+ 50. Kf2 R1h2 51. Rd1 g6 52. fxg6 Nxe4+ 53. fxe4 fxg6 54. Re1 b4 55. axb4+ axb4 56. Rc1 bxc3 57. bxc3 Rd3 58. Rc2 g5 0-1

[Event "CZE-chT2a 0607"]
[Site "Czech Republic"]
[Date "2006.12.03"]
[Round "4.4"]
[White "Kupka, Frantisek"]
[Black "Turner, Radek"]
[Result "1/2-1/2"]
[WhiteElo "2060"]
[BlackElo "2073"]
[PlyCount "123"]
[EventDate "2006.10.15"]
[EventType "team"]
[EventRounds "11"]
[EventCountry "CZE"]
[SourceTitle "EXT 2009"]
[Source "ChessBase"]
[SourceDate "2008.11.26"]
[SourceVersion "1"]
[SourceVersionDate "2008.11.26"]
[SourceQuality "1"]
[WhiteTeam "Plzen Loko"]
[BlackTeam "Domazlice"]
[WhiteTeamCountry "CZE"]
[BlackTeamCountry "CZE"]

1. d4 Nf6 2. Nf3 g6 3. Bg5 Bg7 4. Nbd2 d6 5. e4 0-0 6. h3 Nbd7 7. c3 c6 8. a4 Qc7 9. Be2 e5 10. dxe5 dxe5 11. 0-0 Nc5 12. Qc2 Ne6 13. Be3 Nf4 14. Bc4 N6h5 15. Bc5 Re8 16. Ng5 Ne6 17. Nxe6 Bxe6 18. Bxe6 Rxe6 19. g3 Bh6 20. Nc4 b6 21. Be3 Bf8 22. Rfd1 b5 23. Nd2 Ree8 24. Nb3 Ng7 25. Qe2 a6 26. axb5 cxb5 27. Rd5 Ne6 28. f3 f6 29. Qf2 Qf7 30. Na5 f5 31. Bb6 fxe4 32. fxe4 Qxf2+ 33. Kxf2 Ng5 34. Kg2 Nxe4 35. Re1 Nf6 36. Rdxe5 Rxe5 37. Rxe5 Kf7 38. Bd4 Bd6 39. Re2 Nh5 40. Bf2 Rc8 41. Kf3 Rc7 42. Nb3 Rc4 43. Nd2 Rc6 44. Ne4 Be7 45. g4 Ng7 46. Bd4 Ne6 47. Be3 b4 48. Rf2 bxc3 49. Nxc3 Ng5+ 50. Bxg5 Bxg5 51. Ke4+ Ke6 52. Kd3 Bf6 53. Re2+ Kd7 54. Nd5 Bd8 55. b4 a5 56. bxa5 Bxa5 57. Ra2 Bc7 58. Ra7 Kd6 59. Nf6 Ke5 60. Ne8 Bb6 61. Ra4 Re6 62. Ra8 1/2-1/2

[Event "Klatovy op-A"]
[Site "Klatovy"]
[Date "2004.07.04"]
[Round "2"]
[White "Kupka, Frantisek"]
[Black "Polomis, Zdenek"]
[Result "1-0"]
[WhiteElo "2031"]
[BlackElo "2069"]
[PlyCount "37"]
[EventDate "2004.07.03"]
[EventType "swiss"]
[EventRounds "9"]
[EventCountry "CZE"]
[SourceTitle "CBM 101 Extra"]
[Source "ChessBase"]
[SourceDate "2004.09.01"]
[SourceVersion "2"]
[SourceVersionDate "2004.09.01"]
[SourceQuality "1"]

1. e4 c5 2. Nf3 Nc6 3. d4 cxd4 4. Nxd4 e6 5. Nb5 a6 6. Nd6+ Bxd6 7. Qxd6 Qa5+ 8. Bd2 Qe5 9. Qxe5 Nxe5 10. Bc3 f6 11. Be2 Ne7 12. f4 N5g6 13. 0-0 e5 14. fxe5 Nxe5 15. Nd2 0-0 16. Bxe5 fxe5 17. Bc4+ d5 18. exd5 Nf5 19. d6+ 1-0

[Event "Klatovy op-A"]
[Site "Klatovy"]
[Date "2004.07.03"]
[Round "1"]
[White "Neuman, Petr"]
[Black "Kupka, Frantisek"]
[Result "1-0"]
[WhiteElo "2428"]
[BlackElo "2031"]
[PlyCount "39"]
[EventDate "2004.07.03"]
[EventType "swiss"]
[EventRounds "9"]
[EventCountry "CZE"]
[SourceTitle "CBM 101 Extra"]
[Source "ChessBase"]
[SourceDate "2004.09.01"]
[SourceVersion "2"]
[SourceVersionDate "2004.09.01"]
[SourceQuality "1"]

1. d4 Nf6 2. c4 e6 3. Nc3 Bb4 4. Qc2 0-0 5. Nf3 b6 6. e4 d5 7. e5 Ne4 8. Bd3 Bb7 9. 0-0 Bxc3 10. bxc3 f6 11. exf6 Qxf6 12. Ne5 g6 13. cxd5 exd5 14. Bxe4 dxe4 15. Qb3+ Rf7 16. Bg5 Qg7 17. Rae1 Nc6 18. Nxf7 Qxf7 19. Qxf7+ Kxf7 20. Rxe4 1-0

[Event "Plzen op-A 9th"]
[Site "Plzen"]
[Date "2003.08.24"]
[Round "9"]
[White "Kupka, Frantisek"]
[Black "Ondrejat, Miroslav"]
[Result "1/2-1/2"]
[WhiteElo "2011"]
[BlackElo "2133"]
[PlyCount "33"]
[EventDate "2003.08.16"]
[EventType "swiss"]
[EventRounds "9"]
[EventCountry "CZE"]
[SourceTitle "CBM 095 Extra"]
[Source "ChessBase"]
[SourceDate "2003.09.04"]
[SourceVersion "1"]
[SourceVersionDate "2003.09.04"]
[SourceQuality "1"]

1. e4 e6 2. d4 d5 3. Nc3 Bb4 4. e5 c5 5. a3 Bxc3+ 6. bxc3 Ne7 7. Nf3 0-0 8. Bd3 f5 9. exf6 Rxf6 10. Bg5 Rf8 11. 0-0 Nbc6 12. Re1 Qa5 13. Bxe7 Nxe7 14. Ng5 g6 15. Nxe6 Bxe6 16. Rxe6 Nf5 17. Bxf5 1/2-1/2

[Event "Plzen op-A 9th"]
[Site "Plzen"]
[Date "2003.08.21"]
[Round "6"]
[White "Podbrdsky, Pavel"]
[Black "Kupka, Frantisek"]
[Result "1/2-1/2"]
[WhiteElo "2142"]
[BlackElo "2011"]
[PlyCount "42"]
[EventDate "2003.08.16"]
[EventType "swiss"]
[EventRounds "9"]
[EventCountry "CZE"]
[SourceTitle "CBM 095 Extra"]
[Source "ChessBase"]
[SourceDate "2003.09.04"]
[SourceVersion "1"]
[SourceVersionDate "2003.09.04"]
[SourceQuality "1"]

1. d4 Nf6 2. Nf3 d6 3. c4 Bg4 4. Nc3 c6 5. e4 Bxf3 6. Qxf3 e5 7. Be3 Nbd7 8. 0-0-0 h5 9. h3 Qa5 10. g3 0-0-0 11. Qe2 d5 12. cxd5 cxd5 13. exd5 Bb4 14. Nb5 Qxa2 15. dxe5 Kb8 16. Bxa7+ Ka8 17. Qc4 Rc8 18. Nc7+ Rxc7 19. Qxc7 Qa1+ 20. Kc2 Qa4+ 21. Kc1 Qa1+ 1/2-1/2

[Event "Plzen op-A 9th"]
[Site "Plzen"]
[Date "2003.08.17"]
[Round "2"]
[White "Trkulja, Zoran"]
[Black "Kupka, Frantisek"]
[Result "1/2-1/2"]
[WhiteElo "2220"]
[BlackElo "2011"]
[PlyCount "52"]
[EventDate "2003.08.16"]
[EventType "swiss"]
[EventRounds "9"]
[EventCountry "CZE"]
[SourceTitle "CBM 095 Extra"]
[Source "ChessBase"]
[SourceDate "2003.09.04"]
[SourceVersion "1"]
[SourceVersionDate "2003.09.04"]
[SourceQuality "1"]

1. e4 e6 2. d4 d5 3. Nc3 dxe4 4. Nxe4 Nd7 5. Nf3 Ngf6 6. Bg5 Be7 7. Nxf6+ Bxf6 8. h4 0-0 9. Bd3 c5 10. Qe2 cxd4 11. 0-0-0 Nc5 12. Bxf6 Qxf6 13. Ne5 Bd7 14. Kb1 Rad8 15. g4 Qe7 16. g5 Nxd3 17. cxd3 f6 18. gxf6 gxf6 19. Ng4 Kh8 20. Nh6 f5 21. Rhg1 Qf6 22. Qd2 Bc6 23. Rg5 Bf3 24. Rdg1 f4 25. Ng4 Bxg4 26. R1xg4 e5 1/2-1/2

[Event "CZE-chT2J 0203"]
[Site "Czech Republic"]
[Date "2003.??.??"]
[Round "4"]
[White "Bernath, Stefan"]
[Black "Kupka, Frantisek"]
[Result "1-0"]
[WhiteElo "1974"]
[BlackElo "2007"]
[PlyCount "59"]
[EventDate "2002.10.??"]
[EventType "team"]
[EventRounds "11"]
[EventCountry "CZE"]
[SourceTitle "EXT 2007"]
[Source "ChessBase"]
[SourceDate "2006.11.23"]
[SourceVersion "1"]
[SourceVersionDate "2006.11.23"]
[SourceQuality "1"]

1. e4 c5 2. Nf3 Nc6 3. d4 cxd4 4. Nxd4 Nf6 5. Nc3 d6 6. Bc4 e6 7. Be3 Be7 8. Qe2 0-0 9. 0-0-0 a6 10. Bb3 Na5 11. g4 Nxb3+ 12. axb3 Qc7 13. g5 Nd7 14. f4 Re8 15. h4 Bf8 16. g6 fxg6 17. h5 gxh5 18. Qxh5 Nf6 19. Qh4 b5 20. Rdg1 Kf7 21. Nf3 Qc6 22. Ng5+ Ke7 23. Nxh7 b4 24. e5 bxc3 25. exf6+ Kd7 26. fxg7 Be7 27. Nf6+ Bxf6 28. Qxf6 Bb7 29. g8Q Rxg8 30. Qf7+ 1-0